| 000 | 00914cam a2200253 a 4500 | ||
|---|---|---|---|
| 001 | 000018487 | ||
| 005 | 20200929165819.0 | ||
| 008 | 990727s1969 sp a 000 p spa d | ||
| 040 |
_aDO-SdBNP _bspa _cBNPHU |
||
| 082 |
_a861.5 _bC355c |
||
| 100 | 1 |
_aCastro, Rosalía de, _d1837-1885 _915026 |
|
| 245 | 1 | 0 |
_aCantares gallegos / _cRosalía de Castro ; introducción y notas de Ricardo Carballo Calero. |
| 260 |
_aSalamanca, España : _bAnaya, _c1969. |
||
| 300 |
_a185 p. : _bil. ; _c17 cm. |
||
| 490 | 1 |
_aBiblioteca Anaya. Autores españoles _v29 |
|
| 650 | 4 |
_aPoesía española _ySIGLO XIX _99196 |
|
| 650 | 4 |
_aLiteratura española _xSiglo xix _925634 |
|
| 650 | 4 |
_aPoesía épica española _xColecciones _939995 |
|
| 700 | 1 |
_aCarballo Calero, Ricardo, _eed. _939996 |
|
| 830 | 0 |
_aBiblioteca Anaya. _pAutores españoles; _v29 _94941 |
|
| 910 | _aCatalogación por derivada /Oxford | ||
| 910 | _aWM | ||
| 049 | _aBNGR | ||
| 999 |
_c18007 _d18007 |
||